Legitimita redistribuce: Česká republika v mezinárodním srovnání

Ciele a legitimita redistribúcie v ČR. Princípy sociálnej spravodlivosti a redistribúcie. Požiadavky na redistribúciu - nižšie dane alebo vyššie sociálne výdavky. Požiadavky na účel sociálnych výdavkov. Kolektívny systém sociálneho zabezpečenia a využitie súkromného pripoistenia.

Gespeichert in:
Bibliographische Detailangaben
1. Verfasser: Sirovátka, Tomáš
Weitere Verfasser: Valentová, Marie
Format: Buchkapitel
Sprache:Tschechisch
Schlagworte:
Tags: Tag hinzufügen
Keine Tags, Fügen Sie das erste Tag hinzu!

MARC

LEADER 00000naa a2200000 4500
001 r044527
005 20231004102146.6
041 0 |a cze 
044 |a CZ 
245 1 0 |a Legitimita redistribuce: Česká republika v mezinárodním srovnání  |c Tomáš Sirovátka, Marie Valentová 
520 |a Ciele a legitimita redistribúcie v ČR. Princípy sociálnej spravodlivosti a redistribúcie. Požiadavky na redistribúciu - nižšie dane alebo vyššie sociálne výdavky. Požiadavky na účel sociálnych výdavkov. Kolektívny systém sociálneho zabezpečenia a využitie súkromného pripoistenia. 
610 2 0 |a redistribúcia 
610 2 0 |a spravodlivosť sociálna 
610 2 0 |a dane 
610 2 0 |a dávky sociálne 
610 2 0 |a výdavky na potreby sociálne 
610 2 0 |a zabezpečenie sociálne 
610 2 0 |a poistenie sociálne 
610 2 0 |a pripoistenie 
610 2 0 |a Česko 
610 2 0 |a porovnanie medzinárodné 
610 2 0 |a legitimita 
610 2 0 |a štát sociálny 
100 1 |a Sirovátka, Tomáš 
700 1 |a Valentová, Marie